| 000 | 00414nam a2200157Ia 4500 | ||
|---|---|---|---|
| 008 | 220803s9999 xx 000 0 und d | ||
| 041 | _aeng | ||
| 082 | _a711.5 GOD | ||
| 100 |
_aGodbole B S _927689 |
||
| 245 | _aKridaspardha Ani Samane Purvathyari | ||
| 250 | _a2nd | ||
| 260 |
_aPune _bSuvichar Prakashan Mandal _c1994 |
||
| 300 | _a226p | ||
| 650 |
_aUrban Architecture _927690 |
||
| 700 |
_aGodbole B S _927689 |
||
| 999 |
_c17669 _d17669 |
||